100 of the most popular dog breeds - Statistics

General Stats
  • This quiz has been taken 62 times
  • The average score is 23 of 100
Answer Stats
Hint Answer % Correct
4 German Shepherd
88%
3 Golden Retriever
84%
2 Labrador Retriever
78%
6 Bulldog
69%
35 Pug
67%
5 Poodle
65%
34 Chihuahua
55%
8 Beagle
51%
7 Rottweiler
51%
30 Border Collie
49%
49 Dalmatian
49%
1 French bulldog
49%
19 Great Dane
49%
16 Boxer
47%
20 Shih Tzu
47%
12 Australian Shepherd
45%
39 Collie
45%
15 Doberman Pinscher
45%
13 Yorkshire Terrier
45%
50 Bloodhound
43%
23 Pomeranian
43%
21 Siberian Huskie
43%
11 Pembroke Welsh Corgi
41%
24 | 29 Cocker Spaniel
39%
40 English Cocker Spaniel
37%
58 Giant Schnauzer
35%
14 Cavalier King Charles Spaniel
33%
92 Chow Chow
33%
17 Miniature Schnauzer
33%
55 Akita
31%
38 Maltes
31%
37 Mastiff
31%
56 St. Bernard
31%
48 Australian Cattle Dog
29%
36 Basset Hound
29%
42 Newfoundland
29%
43 Shiba Inu
29%
54 Whippet
29%
67 Alaskan Malamute
27%
22 Bernese Mountain Dog
24%
71 Irish Setter
24%
64 Bull Terrier
22%
10 German Shorthaired Pointer
20%
60 Scottish Terrier
18%
75 Staffordshire Bull Terrier
16%
45 West Highland White Terrier
16%
32 Belgian Malinoi
14%
61 Bullmastiff
14%
18 Cane Corso
14%
80 Chinese Crested
14%
89 Irish Wolfhound
14%
51 Papillon
14%
96 Pekingese
14%
53 Samoyed
14%
44 Weimaraner
14%
26 English Springer Spaniel
12%
25 Havanese
12%
86 Lhasa Apso
12%
74 Old English Sheepdog
12%
27 Shetland Sheepdog
12%
9 Dachund
10%
93 English Setter
10%
69 Great Pyrenee
10%
41 Rhodesian Ridgeback
10%
33 Vizsla
10%
91 Basenji
8%
88 Dogo Argentino
8%
46 Portuguese Water Dog
8%
28 Brittan
6%
63 Italian Greyhound
6%
73 Russell Terrier
6%
87 American Staffordshire Terrier
4%
95 Border Terrier
4%
70 Cairn Terrier
4%
52 Chesapeake Bay Retriever
4%
72 Miniature Pinscher
4%
85 Rat Terrier
4%
57 Wirehaired Pointing Griffon
4%
65 Airedale Terriers
2%
62 Cardigan Welsh Corgi
2%
68 Chinese Shar-Pei
2%
99 Gordon Setter
2%
31 Miniature American Shepherd
2%
81 Nova Scotia Duck Tolling Retriever
2%
94 Standard Schnauzer
2%
79 Anatolian Shepherd Dog
0%
47 Bichons Frise
0%
77 Biewer Terrier
0%
98 Bouviers des Flandre
0%
82 Boykin Spaniel
0%
97 Brussels Griffon
0%
84 Cotons de Tulear
0%
78 Dogues de Bordeaux
0%
59 German Wirehaired Pointers
0%
83 Greater Swiss Mountain Dog
0%
90 Keeshonden
0%
76 Lagotti Romagnoli
0%
100 Norwegian Elkhound
0%
66 Soft Coated Wheaten Terrier
0%
No matching quizzes found
Score Distribution
Percent of People with Each Score
Percentile by Number Answered
Your Score History
You have not taken this quiz